| 000 -LEADER |
| fixed length control field |
03384cam a2200565 i 4500 |
| 001 - CONTROL NUMBER |
| control field |
17704205 |
| 003 - CONTROL NUMBER IDENTIFIER |
| control field |
NUST |
| 005 - DATE AND TIME OF LATEST TRANSACTION |
| control field |
20180604042835.0 |
| 008 - FIXED-LENGTH DATA ELEMENTS--GENERAL INFORMATION |
| fixed length control field |
130419s2013 enka b 001 0 eng c |
| 010 ## - LIBRARY OF CONGRESS CONTROL NUMBER |
| LC control number |
2012277276 |
| 015 ## - NATIONAL BIBLIOGRAPHY NUMBER |
| National bibliography number |
GBB2B6633 |
| Source |
bnb |
| 016 7# - NATIONAL BIBLIOGRAPHIC AGENCY CONTROL NUMBER |
| Record control number |
016214610 |
| Source |
Uk |
| 020 ## - INTERNATIONAL STANDARD BOOK NUMBER |
| International Standard Book Number |
9780199646296 (hbk.) |
| 020 ## - INTERNATIONAL STANDARD BOOK NUMBER |
| International Standard Book Number |
0199646295 (hbk.) |
| 035 ## - SYSTEM CONTROL NUMBER |
| System control number |
(OCoLC)ocn819519251 |
| 038 ## - RECORD CONTENT LICENSOR |
| Staff Name |
SNS Library |
| 040 ## - CATALOGING SOURCE |
| Original cataloging agency |
UKMGB |
| Language of cataloging |
eng |
| Transcribing agency |
UKMGB |
| Description conventions |
rda |
| Modifying agency |
OCLCO |
| -- |
CDX |
| -- |
YDXCP |
| -- |
DEBBG |
| -- |
IXA |
| -- |
OCLCA |
| -- |
VGM |
| -- |
CUI |
| -- |
COO |
| -- |
VVC |
| -- |
IUL |
| -- |
OCLCQ |
| -- |
OCLCF |
| -- |
OCLCQ |
| -- |
DLC |
| 042 ## - AUTHENTICATION CODE |
| Authentication code |
pcc |
| 050 00 - LIBRARY OF CONGRESS CALL NUMBER |
| Classification number |
Q387.2 |
| Item number |
.Q36 2013 |
| 082 ## - DEWEY DECIMAL CLASSIFICATION NUMBER |
| Classification number |
003.54 |
| 084 ## - OTHER CLASSIFICATION NUMBER |
| Classification number |
ES 370 |
| Number source |
rvk |
| 084 ## - OTHER CLASSIFICATION NUMBER |
| Classification number |
ES 900 |
| Number source |
rvk |
| 100 ## - MAIN ENTRY--PERSONAL NAME |
| Personal name |
edited by Chris Heunen, Mehrnoosh Sadrzadeh, and Edward Grefenstette, University of Oxford, Department of Computer Science. |
| 9 (RLIN) |
10823 |
| 245 00 - TITLE STATEMENT |
| Title |
Quantum physics and linguistics : |
| Remainder of title |
a compositional, diagrammatic discourse / |
| Statement of responsibility, etc. |
edited by Chris Heunen, Mehrnoosh Sadrzadeh, and Edward Grefenstette, University of Oxford, Department of Computer Science. |
| 250 ## - EDITION STATEMENT |
| Edition statement |
First edition. |
| 260 ## - PUBLICATION, DISTRIBUTION, ETC. |
| Place of publication, distribution, etc. |
Oxford, United Kingdom : |
| Name of publisher, distributor, etc. |
Oxford University Press, |
| Date of publication, distribution, etc. |
2013. |
| 300 ## - PHYSICAL DESCRIPTION |
| Extent |
xx, 409 pages : |
| Other physical details |
illustrations ; |
| Dimensions |
24 cm |
| 336 ## - CONTENT TYPE |
| Content type term |
text |
| Content type code |
txt |
| Source |
rdacontent |
| 337 ## - MEDIA TYPE |
| Media type term |
unmediated |
| Media type code |
n |
| Source |
rdamedia |
| 338 ## - CARRIER TYPE |
| Carrier type term |
volume |
| Carrier type code |
nc |
| Source |
rdacarrier |
| 504 ## - BIBLIOGRAPHY, ETC. NOTE |
| Bibliography, etc. note |
Includes bibliographical references (pages 378-405) and index. |
| 505 0# - FORMATTED CONTENTS NOTE |
| Formatted contents note |
An alternative gospel of structure: order, composition, processes / Bob Coecke -- Some graphical aspects of Frobenius algebras / Bertfried Fauser -- A graphical approach to measurement-based quantum computing / Ross Duncan -- Quantum groups and braided algebra / Shahn Majid -- Hopf algebras: variant notions and reconstruction theorems / Joost Vercruysse -- Modular categories / Michael Muger -- Scalars, monads, and categories / Dion Coumans and Bart Jacobs -- Types and forgetfulness in categorical linguistics and quantum mechanics / Peter Hines -- From sentence to concept / Anne Preller -- Proof nets for the Lambek-Grishin calculus / Michael Moortgat and Richard Moot -- Algebras over a field and semantics for context-based reasoning / Daoud Clarke -- Distributional semantaic models / Stephen Pulman -- Type-driven syntax and semantics for composing meaning vectors / Stephen Clarke. |
| 650 #0 - SUBJECT ADDED ENTRY--TOPICAL TERM |
| Topical term or geographic name entry element |
Conceptual structures (Information theory) |
| 9 (RLIN) |
10824 |
| 650 #0 - SUBJECT ADDED ENTRY--TOPICAL TERM |
| Topical term or geographic name entry element |
Information modeling. |
| 9 (RLIN) |
10825 |
| 650 #0 - SUBJECT ADDED ENTRY--TOPICAL TERM |
| Topical term or geographic name entry element |
Quantum theory. |
| 9 (RLIN) |
177 |
| 650 #0 - SUBJECT ADDED ENTRY--TOPICAL TERM |
| Topical term or geographic name entry element |
Computational linguistics. |
| 9 (RLIN) |
10826 |
| 650 #7 - SUBJECT ADDED ENTRY--TOPICAL TERM |
| Topical term or geographic name entry element |
Computational linguistics. |
| Source of heading or term |
fast |
| Authority record control number or standard number |
(OCoLC)fst00871998 |
| 9 (RLIN) |
10826 |
| 650 #7 - SUBJECT ADDED ENTRY--TOPICAL TERM |
| Topical term or geographic name entry element |
Conceptual structures (Information theory) |
| Source of heading or term |
fast |
| Authority record control number or standard number |
(OCoLC)fst00872985 |
| 9 (RLIN) |
10824 |
| 650 #7 - SUBJECT ADDED ENTRY--TOPICAL TERM |
| Topical term or geographic name entry element |
Information modeling. |
| Source of heading or term |
fast |
| Authority record control number or standard number |
(OCoLC)fst00972569 |
| 9 (RLIN) |
10825 |
| 650 #7 - SUBJECT ADDED ENTRY--TOPICAL TERM |
| Topical term or geographic name entry element |
Quantum theory. |
| Source of heading or term |
fast |
| Authority record control number or standard number |
(OCoLC)fst01085128 |
| 9 (RLIN) |
177 |
| 650 07 - SUBJECT ADDED ENTRY--TOPICAL TERM |
| Topical term or geographic name entry element |
Computerlinguistik. |
| Source of heading or term |
gnd |
| Authority record control number or standard number |
(DE-588)4035843-4 |
| 9 (RLIN) |
10827 |
| 650 07 - SUBJECT ADDED ENTRY--TOPICAL TERM |
| Topical term or geographic name entry element |
Quanteninformatik. |
| Source of heading or term |
gnd |
| Authority record control number or standard number |
(DE-588)4705961-8 |
| 9 (RLIN) |
10828 |
| 700 1# - ADDED ENTRY--PERSONAL NAME |
| Personal name |
Heunen, Christiaan Johan Marie. |
| 9 (RLIN) |
10829 |
| 700 1# - ADDED ENTRY--PERSONAL NAME |
| Personal name |
Sadrzadeh, Mehrnoosh. |
| 9 (RLIN) |
10830 |
| 700 1# - ADDED ENTRY--PERSONAL NAME |
| Personal name |
Grefenstette, Edward. |
| 9 (RLIN) |
10831 |
| 906 ## - LOCAL DATA ELEMENT F, LDF (RLIN) |
| a |
7 |
| b |
cbc |
| c |
pccadap |
| d |
2 |
| e |
ncip |
| f |
20 |
| g |
y-gencatlg |
| 942 ## - ADDED ENTRY ELEMENTS (KOHA) |
| Source of classification or shelving scheme |
|
| Koha item type |
Book |